LEADER 01299nam a2200265 u 4500 001 000000014068 003 CaOOAMICUS 005 20070226105724.0 008 940517s1891 it u000 u ita u 035 $a10334047 040 $aPUL(R)$bita 041 1 $aita$agrc 130 0 $aDidachè.$lItaliano e greco.$0(OLS)http://pul/title/20248 245 13$aLa dottrina del Signore pei dodici Apostoli bandita alle genti :$bdetta La dottrina dei dodici Apostoli /$cversione, note e commentario del P. Ignazio M. Minasi. 260 $aRoma :$bA. Befani,$c1891. 300 $aliv, 390 p. ;$c26 cm 630 04$aDidache$xCommenti.$0(OLS)http://pul/subject/9030 700 1 $aMinasi, Ignazio M.,$cS.I.$0(OLS)http://pul/name/13092 850 $aPUL 852 $aPUL$W1$xDP1 Antico 800$y27$m519 G 15$j19774$nBK-PRI$b $qStampati Antico$B19774$CPULBib$Z2$F19774 $H $81 852 $aPUL$W1$xCollocazioni Temporanee$y24$m263 I 33$j19775$nBK-PRI$b $qStampati$B19775$CPULBib$Z2$F19775 $HPUL692 $81 941 1 $a15 941 1 $a8 996 $6245$aLa dottrina del Signore pei dodici Apostoli bandita alle genti :$bdetta La dottrina dei dodici Apostoli$9(OLS)http://pul/title/20249 996 $6260$aRoma :$bA. Befani$9(OLS)http://pul/publisher/49813 LEADER 00896nam a2200217 u 4500 001 000000071260 003 CaOOAMICUS 005 20070226122118.0 008 020523q1899 ge af u000 u ger u 035 $a10930817 040 $aPUL(R)$bita 130 0 $aBiblia.$lTedesco.$0(OLS)http://pul/title/4567 245 14$aDie Bibel :$boder Die ganze Heilige Schrift des Alten und Neuen Testaments. 250 $aErste Auflage. 260 $aKonstanz :$b[s.n.],$c1899] 300 $a878, 290, 166 p., [8] c. geogr. :$bill. ;$c31 cm 850 $aPUL 852 $aPUL$W1$xDP1 Antico 800$y27$m529 D 16$j92187$nBK-PRI$b $qStampati Antico$B92187$CPULBib$Z2$F92187 $H $81 941 1 $a15 996 $6245$aDie Bibel :$boder Die ganze Heilige Schrift des Alten und Neuen Testaments$9(OLS)http://pul/title/93837 996 $6260$aKonstanz :$b[s.n.]$9(OLS)http://pul/publisher/73463